Azerbeidzjan Trivia Quiz - Statistieken

Algemene statistieken
  • Deze quiz is 419 keer genomen
  • De gemiddelde score is 11 van 17
Antwoordstatistieken
Hint Antwoord % Correct
Aangrenzende landen Georgië
97%
Aangrenzende landen Armenië
96%
Aangrenzende landen Rusland
96%
Aangrenzende landen Turkije
91%
Hoofdstad Bakoe
89%
Land waarvan Azerbeidzjan in 1991 onafhankelijk werd Sovjet-Unie
87%
Aangrenzende landen Iran
86%
Ondanks dat het een Aziatisch land is, neemt Azerbeidzjan deel aan dit songfestival Eurovisie
79%
Zee waar de hoofdstad aan ligt Kaspische Zee
73%
Bergketen in het noorden van het land Kaukasus
65%
Aan het begin van de 20e eeuw produceerde Azerbeidzjan meer dan 50% van het wereldaanbod aan ... Olie
51%
Regio waar van 1988 tot 1994 een etnische oorlog heeft gewoed, een conflict dat nog steeds niet is opgelost {Nagorno}-Karabakh
44%
Sport die goed is voor 22 van de 42 Olympische medailles van Azerbeidzjan Worstelen
43%
Schaakspeler, geboren en geschoold in Azerbeidzjan, wereldkampioen van 1985-2000 Garry Kasparov
35%
Tak van de islam die wordt beoefend door 89% van de bevolking Sjiisme
28%
Het nationale dier is een specifiek ras van dit dier Paard
26%
Azerbeidzjan heeft 400 van deze "vulkanen", de meeste ter wereld {Modder}vulkanen
16%
Geen overeenkomende quizzen gevonden
Scoreverdeling
Procent van Mensen met Elke Score
Percentiel versus Aantal Correcte Antwoorden
Uw Scoregeschiedenis
U heeft deze quiz nog niet genomen